| 000 | 00336nam a22000977a 4500 | ||
|---|---|---|---|
| 008 | 230829b |||||||| |||| 00| 0 eng d | ||
| 040 |
_aNational Science Library _cNational Science Library |
||
| 245 |
_aWire & wire products: _bIntentional magazine of wiremaking and marketing |
||
| 260 |
_aGeorgia: _bSouthwire Company, |
||
| 942 |
_cCR _2udc |
||
| 999 |
_c59948 _d59948 |
||